Southville International School and Colleges
Your cart is empty.
  • Cart
  • Lists
    Public lists Eva Luna New books Lux_list list_1
    Your lists Log in to create your own lists
  • Log in to your account
  • Your cookies
  • Search history
Southville International School and Colleges
  • Advanced search
  • Recent comments
  • Most popular
  • Libraries

Log in to your account

Log in with GOOGLE


If you do not have an external account, but do have a local account, you can still log in:

  1. Home
  2. MARC view: Eighth Annual Report :
Normal view MARC view ISBD view

Eighth Annual Report : (Record no. 250039)

[ view plain ]
MARC details
000 -LEADER
fixed length control field 01163cam a22002893a 4500
001 - CONTROL NUMBER
control field 20784
003 - CONTROL NUMBER IDENTIFIER
control field PGUSA
005 - DATE AND TIME OF LATEST TRANSACTION
control field 20140828083437.0
008 - FIXED-LENGTH DATA ELEMENTS--GENERAL INFORMATION
fixed length control field 070308s2007||||xxu|||||s|||||000 | eng d
040 ## - CATALOGING SOURCE
Original cataloging agency PGUSA
Language of cataloging eng
042 ## - AUTHENTICATION CODE
Authentication code dc
050 #4 - LIBRARY OF CONGRESS CALL NUMBER
Classification number E011
245 10 - TITLE STATEMENT
Title Eighth Annual Report :
Remainder of title of the Bureau of Ethnology to the Secretary of the Smithsonian Institution, 1886-1887, Government Printing Office, Washington, 1891
Medium [electronic resource]
260 ## - PUBLICATION, DISTRIBUTION, ETC. (IMPRINT)
Name of publisher, distributor, etc Project Gutenberg,
Date of publication, distribution, etc 2007
505 0# - FORMATTED CONTENTS NOTE
Formatted contents note Report of the Director -- A study of pueblo architecture : Tusayan and Cibola / by Victor Mindeleff -- Ceremonial of Hasjelti Dailjis and mythical sand painting of the Navajo Indians / by James Stevenson.
506 ## - RESTRICTIONS ON ACCESS NOTE
Terms governing access Public domain in the USA.
516 ## - TYPE OF COMPUTER FILE OR DATA NOTE
Type of computer file or data note Electronic text
653 ## - INDEX TERM--UNCONTROLLED
Uncontrolled term Pueblo Indians -- Antiquities
653 ## - INDEX TERM--UNCONTROLLED
Uncontrolled term Pueblo architecture
653 ## - INDEX TERM--UNCONTROLLED
Uncontrolled term Navajo Indians -- Rites and ceremonies
700 1# - ADDED ENTRY--PERSONAL NAME
Personal name Powell, John Wesley,
Dates associated with a name 1834-1902
700 1# - ADDED ENTRY--PERSONAL NAME
Personal name Mindeleff, Victor,
Dates associated with a name 1860-1948
700 1# - ADDED ENTRY--PERSONAL NAME
Personal name Stevenson, James,
Dates associated with a name 1840-1888
830 #0 - SERIES ADDED ENTRY--UNIFORM TITLE
Uniform title Project Gutenberg
Volume number/sequential designation 20784
856 40 - ELECTRONIC LOCATION AND ACCESS
Uniform Resource Identifier <a href="http://www.gutenberg.org/ebooks/20784">http://www.gutenberg.org/ebooks/20784</a>
942 ## - ADDED ENTRY ELEMENTS (KOHA)
Koha item type eBooks
Holdings
Withdrawn status Lost status Damaged status Home library Current library Date acquired Total Checkouts Date last seen Price effective from Koha item type
      Project Gutenberg Project Gutenberg 08/28/2014   08/28/2014 08/28/2014 eBooks

Eighth Annual Report :

APA

Powell J. W., Mindeleff V. & Stevenson J. (2007). Eighth Annual Report. : Project Gutenberg.

Chicago

Powell John Wesley, Mindeleff Victor and Stevenson James. 2007. Eighth Annual Report. : Project Gutenberg.

Harvard

Powell J. W., Mindeleff V. and Stevenson J. (2007). Eighth Annual Report. : Project Gutenberg.

MLA

Powell John Wesley, Mindeleff Victor and Stevenson James. Eighth Annual Report. : Project Gutenberg. 2007.

  • Place hold
  • Print
  • Cite
  • Add to your cart (remove)
  • Save record
    BIBTEX Dublin Core MARCXML MARC (non-Unicode/MARC-8) MARC (Unicode/UTF-8) MARC (Unicode/UTF-8, Standard) MODS (XML) RIS
  • More searches
    Search for this title in:
    Other Libraries (WorldCat) Other Databases (Google Scholar) Online Stores (Bookfinder.com) Open Library (openlibrary.org)

Exporting to Dublin Core...

SOUTHVILLE LIBRARY

Southville International School and Colleges Library

1281 Tropical Ave. Cor. Luxembourg St., BF Homes International, Las Pinas City

Tel. No. 8256374 / 252358 Loc. 117/146

Powered by Koha